000 01078cab a2200253 4500
001 ABS55319
008 090401t1996 xxu||||| |||| 00| 0 eng d
035 _a(Sirsi) u15726
041 _aeng
100 _aBurton, I.
245 _aGroup seeks answers to generalised blight
260 _c1996
350 _a0
490 _aPlanning (for the Natural and Built Environment)
_v(1175) 28 June 1996, 10(1)
520 _aLooks at the aims of the Inter-Departmental Working Group on Blight, as outlined in their Discussion Paper. The Group is attempting to assess the extent of generalised blight and the impact on property values and is also considering solutions to the problem, such as streamlining the planning process and offering compensation to property owners.
650 _aBLIGHT
650 _aCHANNEL TUNNEL RAIL LINK
650 _aCOMPENSATION
650 _aGENERALISED BLIGHT
650 _aPROPERTY VALUES
690 _aENVIRONMENTAL AND LAND CONSULTANCY-PLANNING AND DEVELOPMENT-COMPULSORY PURCHASE AND COMPENSATION
942 _n0
948 _c04/03/1997
999 _c10339
_d10339